000 00559nam a22001577a 4500
082 _a620.11
_bTAY
100 _aTayyabah, Omamah (364820)
_9132287
245 _aSingle-Chamber Membrane less Microbial Fuel Cell with α-MoO3 Modified Anode: A Dual Solution for Cr and Zn Removal and Bioenergy Recovery /
264 _aIslamabad :
_bUSPCAS-E, NUST
_cSeptember, 2025.
300 _axiv, 50 p.
_e+CD
520 _aTH-673
650 _aMS TEE Thesis
_9116575
650 _aMS Thesis
_918721
700 _aSupervisor: Dr. Mustafa Anwar
_9117537
942 _2ddc
_cTHE
999 _c615523
_d615523